Guess the Answer By 'Keywords' on Wikipedia Articles - Statistics

General Stats
  • This quiz has been taken 13 times
  • The average score is 11 of 16
Answer Stats
Category Keywords Answer % Correct
Person President - 211Joe - 16 Hawaii - 16 Illinois - 58 Democratic - 40 Barack Obama
100%
Event Host - 97Medal - 77 Greece - 14 Pierre - 13 International - 99 Olympics
100%
Person Spice - 73Fashion - 57 Posh - 34
Brooklyn - 7
Adams - 7
Victoria Beckham
92%
Country Provinces - 30American - 37 French - 45 Loon - 3 Maple - 11 Canada
83%
Person Commonwealth - 35Philip - 55 Balmoral - 13 Coronation - 13 World War - 6 Queen Elizabeth II
83%
Song 1984 - 31Video - 17 Halloween - 9 Quincy - 7 Zombie - 3 Thriller
83%
Person Empire - 38Temujin - 97 China - 19 Steppe - 14 1206 - 11 Genghis Khan
75%
Person First - 26Garden - 21 Islam - 22 Children - 4 Book - 25 Adam
67%
Science Earth - 33Newton - 33 Galileo - 7 Physics - 35 Relativity - 39 Gravity
67%
Event Economic - 179Unemployment - 42 Industry - 19 World War - 29 Crisis - 52 Great Depression
67%
Person Songs - 39California - 32 Daisy - 7 Pop - 62 Teenage - 46 Katy Perry
58%
Science Plants - 75Algae - 29 Sunlight - 9 Oxygen - 69 Energy - 49 Photosynthesis
58%
Country Asia - 41Islands - 89 Tourism - 27 Atoll - 48 Elevation - 3 Maldives
50%
Person Canadian - 35Lopilato - 5 Christmas - 32 Songs - 8 Duet - 6 Michael Bublé
50%
Person Roland - 20Spain - 58 Sports - 78 Roger - 94 Clay - 110 Rafael Nadal
50%
Song McCartney - 591965 - 23 Acoustic - 7 Trouble - 3
2,200 cover - 2
Yesterday
50%
No matching quizzes found
Score Distribution
Percent of People with Each Score
Percentile by Number Answered
Your Score History
You have not taken this quiz